[Event "Chigorin Memorial 18th"]
[Site "St Petersburg"]
[Date "2010.11.03"]
[Round "7"]
[White "Ljubivyi, Andrey"]
[Black "Letov, Petr"]
[Result "1-0"]
[WhiteElo "2083"]
[BlackElo "2264"]
[PlyCount "79"]
[EventDate "2010.10.28"]
[EventType "swiss"]
[EventRounds "9"]
[EventCountry "RUS"]
[SourceTitle "EXT 2011"]
[Source "ChessBase"]
[SourceDate "2010.11.26"]
[SourceVersion "1"]
[SourceVersionDate "2010.11.26"]
[SourceQuality "1"]

1. d4 Nf6 2. c4 g6 3. Nc3 Bg7 4. e4 d6 5. Be2 0-0 6. Bg5 Nbd7 7. Qd2 c6 8. f3 e5 9. d5 cxd5 10. cxd5 a6 11. h4 b5 12. g4 b4 13. Na4 Qa5 14. b3 Re8 15. Nh3 h5 16. Nf2 Rb8 17. Rc1 Bb7 18. 0-0 hxg4 19. fxg4 Nb6 20. a3 Nxa4 21. axb4 Qb6 22. Be3 Nc5 23. bxc5 dxc5 24. Rxc5 Qxb3 25. g5 Nh5 26. Bxh5 gxh5 27. Rc3 Qb5 28. Qd1 Re7 29. Qxh5 a5 30. Rfc1 Qa6 31. Rb1 a4 32. Qd1 a3 33. Ra1 a2 34. Rc2 Qa3 35. Qd2 Bxd5 36. exd5 Rb1+ 37. Rc1 Reb7 38. Rxa2 Qb3 39. Rxb1 Qxb1+ 40. Kg2 1-0

[Event "Chigorin Memorial 18th"]
[Site "St Petersburg"]
[Date "2010.11.01"]
[Round "5"]
[White "Ljubivyi, Andrey"]
[Black "Yuffa, Daniil"]
[Result "0-1"]
[WhiteElo "2083"]
[BlackElo "2235"]
[PlyCount "76"]
[EventDate "2010.10.28"]
[EventType "swiss"]
[EventRounds "9"]
[EventCountry "RUS"]
[SourceTitle "EXT 2011"]
[Source "ChessBase"]
[SourceDate "2010.11.26"]
[SourceVersion "1"]
[SourceVersionDate "2010.11.26"]
[SourceQuality "1"]

1. d4 Nf6 2. c4 g6 3. Nc3 Bg7 4. e4 d6 5. Be2 0-0 6. Bg5 c6 7. Qd2 a6 8. Nf3 b5 9. a3 Bg4 10. cxb5 cxb5 11. 0-0 Nc6 12. h3 Bxf3 13. Bxf3 Rc8 14. Rfd1 Nd7 15. Nd5 Nb6 16. e5 Nc4 17. Qe2 f6 18. exf6 exf6 19. Be3 Re8 20. Nf4 Nxe3 21. fxe3 f5 22. Bd5+ Kh8 23. Qf3 Qb6 24. Qg3 Ne7 25. Be6 Rc2 26. h4 Bf6 27. Rac1 Rxb2 28. Rc3 Qa5 29. Rdc1 Rb1 30. Qe1 Rxc1 31. Qxc1 Bxh4 32. e4 Bg5 33. Nxg6+ Nxg6 34. Qxg5 Rxe6 35. Rc8+ Kg7 36. exf5 Re4 37. fxg6 Qe1+ 38. Kh2 Rh4+ 0-1

[Event "Chigorin Memorial 18th"]
[Site "St Petersburg"]
[Date "2010.10.30"]
[Round "3"]
[White "Ljubivyi, Andrey"]
[Black "Tarasova, Viktoriya"]
[Result "0-1"]
[WhiteElo "2083"]
[BlackElo "2298"]
[PlyCount "168"]
[EventDate "2010.10.28"]
[EventType "swiss"]
[EventRounds "9"]
[EventCountry "RUS"]
[SourceTitle "EXT 2011"]
[Source "ChessBase"]
[SourceDate "2010.11.26"]
[SourceVersion "1"]
[SourceVersionDate "2010.11.26"]
[SourceQuality "1"]

1. d4 d5 2. Nf3 Nf6 3. c4 c6 4. e3 Bf5 5. Nc3 e6 6. Nh4 Bg6 7. Be2 Nbd7 8. 0-0 Ne4 9. g3 Bd6 10. Nxe4 Bxe4 11. f3 Bg6 12. Bd2 Be7 13. Nxg6 hxg6 14. Qb3 Bd6 15. f4 Qc7 16. Qc2 Nf6 17. c5 Be7 18. Bf3 Nh5 19. b4 g5 20. a4 gxf4 21. exf4 f5 22. Rae1 Qd7 23. Bxh5+ Rxh5 24. g4 Rh4 25. g5 0-0-0 26. Re2 Re8 27. Be1 Rh7 28. Bg3 g6 29. Rb1 Bd8 30. b5 Kb8 31. Qd3 Ba5 32. Reb2 Ka8 33. bxc6 Qxc6 34. Qb5 Bc3 35. Rb4 Bxb4 36. Qxb4 Reh8 37. Re1 Re8 38. Re3 Qa6 39. Qb3 Rd7 40. Bf2 Rc8 41. Qb5 Qc6 42. Qb4 Rb8 43. a5 Qa6 44. Kg2 Qc6 45. Qe1 Re7 46. Qb4 Ree8 47. Rc3 Rbc8 48. Ra3 Qa6 49. Rb3 Rc7 50. Re3 Kb8 51. Qe1 Ka8 52. Qb4 Rc6 53. Kg1 Kb8 54. Rb3 Kc8 55. Kg2 Re7 56. Re3 Kc7 57. Rb3 Kc8 58. Re3 Rh7 59. Qe1 Kd7 60. Qb4 Rh8 61. Kg1 Kc7 62. Rb3 Kc8 63. Re3 Re8 64. Kg2 Rc7 65. Qe1 Qc6 66. Qb4 Kb8 67. Rb3 Qd7 68. Re3 Rc6 69. Rb3 Qc7 70. Qd2 Rh8 71. Qe1 Ka8 72. Bg3 Ra6 73. Ra3 Qg7 74. Rd3 Qc7 75. Ra3 Re8 76. Qb4 Rb8 77. Kg1 Qc8 78. Rc3 Qd8 79. Ra3 Qh8 80. Qd2 b6 81. cxb6 axb6 82. Qd3 Qc8 83. Rc3 Qb7 84. Qc2 bxa5 0-1

[Event "St Petersburg Autumn op"]
[Site "St Petersburg"]
[Date "2010.10.23"]
[Round "8"]
[White "Ljubivyi, Andrey"]
[Black "Simko, Vladimir"]
[Result "1-0"]
[WhiteElo "2083"]
[BlackElo "1985"]
[PlyCount "57"]
[EventDate "2010.10.16"]
[EventType "swiss"]
[EventRounds "9"]
[EventCountry "RUS"]
[SourceTitle "EXT 2011"]
[Source "ChessBase"]
[SourceDate "2010.11.26"]
[SourceVersion "1"]
[SourceVersionDate "2010.11.26"]
[SourceQuality "1"]

1. d4 d5 2. Nf3 Nf6 3. c4 c6 4. e3 e6 5. b3 Bb4+ 6. Nbd2 Ne4 7. Bd3 f5 8. 0-0 0-0 9. Ne5 Nxd2 10. Bxd2 Bxd2 11. Qxd2 Nd7 12. f4 Nf6 13. c5 Bd7 14. b4 Be8 15. a4 Nd7 16. b5 Nxe5 17. fxe5 Rb8 18. Qc2 Bh5 19. a5 Qd7 20. Rfb1 f4 21. bxc6 Qxc6 22. Bxh7+ Kh8 23. Bg6 Bxg6 24. Qxg6 fxe3 25. Ra3 e2 26. Rh3+ Kg8 27. Qh7+ Kf7 28. Rf3+ Ke8 29. Qg6+ 1-0

[Event "St Petersburg Autumn op"]
[Site "St Petersburg"]
[Date "2009.??.??"]
[Round "6"]
[White "Ljubivyi, Andrey"]
[Black "Kondratiev, Denis"]
[Result "1-0"]
[WhiteElo "2090"]
[BlackElo "1995"]
[PlyCount "73"]
[EventDate "2009.10.??"]
[EventType "swiss"]
[EventRounds "9"]
[EventCountry "RUS"]
[SourceTitle "EXT 2011"]
[Source "ChessBase"]
[SourceDate "2010.11.26"]
[SourceVersion "1"]
[SourceVersionDate "2010.11.26"]
[SourceQuality "1"]

1. d4 d5 2. Nf3 Nf6 3. c4 c6 4. e3 g6 5. b3 Bg7 6. Bb2 0-0 7. Be2 Bf5 8. Nc3 dxc4 9. Bxc4 b5 10. Be2 Nbd7 11. 0-0 a6 12. Rc1 Qb6 13. b4 a5 14. a3 axb4 15. axb4 Qb7 16. Nd2 Nb6 17. e4 Be6 18. Nb3 Nc4 19. Ba1 Qb6 20. Nc5 Rfd8 21. Nxe6 fxe6 22. Bxc4 bxc4 23. Na4 Qxb4 24. Nc5 e5 25. Bc3 Qa3 26. Qe2 Qa2 27. Rc2 Qa7 28. Qxc4+ Kh8 29. dxe5 Ng4 30. Ne6 Rdc8 31. Nxg7 Kxg7 32. h3 Nh6 33. e6+ Kg8 34. Ra2 Qb6 35. Rb2 Qd8 36. Qc5 Qd3 37. Qe5 1-0

[Event "St Petersburg Autumn op"]
[Site "St Petersburg"]
[Date "2009.??.??"]
[Round "4"]
[White "Ljubivyi, Andrey"]
[Black "Kudrjavich, Dmitry"]
[Result "1/2-1/2"]
[WhiteElo "2090"]
[BlackElo "1935"]
[PlyCount "53"]
[EventDate "2009.10.??"]
[EventType "swiss"]
[EventRounds "9"]
[EventCountry "RUS"]
[SourceTitle "EXT 2011"]
[Source "ChessBase"]
[SourceDate "2010.11.26"]
[SourceVersion "1"]
[SourceVersionDate "2010.11.26"]
[SourceQuality "1"]

1. d4 d5 2. Nf3 c5 3. c4 dxc4 4. Nc3 e6 5. e4 cxd4 6. Qxd4 Qxd4 7. Nxd4 a6 8. Bxc4 Bd7 9. 0-0 Nc6 10. Nxc6 Bxc6 11. Be3 Nf6 12. f3 Be7 13. Rfd1 0-0 14. Bb3 Rfd8 15. Kf2 Rxd1 16. Rxd1 Rd8 17. Rxd8+ Bxd8 18. Ne2 e5 19. Bc5 Nd7 20. Bd6 Bb6+ 21. Ke1 Bc5 22. Bc7 Kf8 23. Ba5 Ke7 24. Bc3 f6 25. g4 Nf8 26. Ng3 g6 27. a4 1/2-1/2

[Event "St Petersburg Autumn op"]
[Site "St Petersburg"]
[Date "2005.11.06"]
[Round "9"]
[White "Ljubivyi, Andrey"]
[Black "Krylov, Andrei"]
[Result "1-0"]
[WhiteElo "2062"]
[BlackElo "2131"]
[PlyCount "73"]
[EventDate "2005.10.29"]
[EventType "swiss"]
[EventRounds "9"]
[EventCountry "RUS"]
[SourceTitle "EXT 2006"]
[Source "ChessBase"]
[SourceDate "2005.11.24"]
[SourceVersion "1"]
[SourceVersionDate "2005.11.24"]
[SourceQuality "1"]

1. d4 Nf6 2. c4 g6 3. Nc3 d5 4. Bf4 Bg7 5. e3 c6 6. h3 0-0 7. Nf3 Qa5 8. Rc1 Be6 9. c5 Ne4 10. a3 Nd7 11. Bd3 Bf5 12. 0-0 f6 13. Nxe4 dxe4 14. Bc4+ Kh8 15. Nh4 e5 16. Bh2 Rae8 17. Nxf5 gxf5 18. Qh5 f4 19. Qf5 Qc7 20. Qxe4 f5 21. Qf3 Qd8 22. dxe5 fxe3 23. Qxe3 Nxe5 24. Qb3 f4 25. f3 Qg5 26. Kh1 Re7 27. Rfe1 Bf6 28. Re4 Nxc4 29. Qxc4 Bxb2 30. Rce1 Rg7 31. R1e2 Bxa3 32. Bxf4 Qxc5 33. Be5 Qxc4 34. Rxc4 Kg8 35. Bxg7 Kxg7 36. Ra2 b5 37. Rg4+ 1-0

[Event "St Petersburg Autumn op"]
[Site "St Petersburg"]
[Date "2005.11.03"]
[Round "6"]
[White "Gavriushov, Andrey"]
[Black "Ljubivyi, Andrey"]
[Result "1/2-1/2"]
[WhiteElo "2183"]
[BlackElo "2062"]
[PlyCount "97"]
[EventDate "2005.10.29"]
[EventType "swiss"]
[EventRounds "9"]
[EventCountry "RUS"]
[SourceTitle "EXT 2006"]
[Source "ChessBase"]
[SourceDate "2005.11.24"]
[SourceVersion "1"]
[SourceVersionDate "2005.11.24"]
[SourceQuality "1"]

1. Nf3 Nf6 2. g3 b5 3. Bg2 Bb7 4. 0-0 e6 5. d3 c5 6. e4 d6 7. Nbd2 Be7 8. a4 a6 9. axb5 axb5 10. Rxa8 Bxa8 11. h3 Nbd7 12. Nh2 0-0 13. f4 Nb6 14. Ndf3 c4 15. g4 cxd3 16. cxd3 e5 17. Qb3 Bc6 18. Kh1 exf4 19. Bxf4 Na4 20. Nd4 Bd7 21. Nhf3 g6 22. Bh6 Nc5 23. Qc2 Re8 24. Ng5 Bf8 25. Nxf7 Kxf7 26. Bg5 Be7 27. Bxf6 Bxf6 28. g5 Qe7 29. b4 Ne6 30. Qa2 Kg8 31. Rxf6 Kg7 32. Nxe6+ Bxe6 33. Qb2 Kg8 34. Qd4 Qd7 35. h4 Rc8 36. e5 dxe5 37. Qxe5 Re8 38. Rxe6 Rxe6 39. Bd5 Kf7 40. Kg2 Ke7 41. Qg7+ Kd6 42. Qxd7+ Kxd7 43. Bxe6+ Kxe6 44. Kf3 Ke5 45. Ke3 Kd5 46. Kd2 Kd4 47. Kc2 Kd5 48. Kc3 Ke5 49. Kc2 1/2-1/2

[Event "St Petersburg Autumn op"]
[Site "St Petersburg"]
[Date "2005.10.31"]
[Round "3"]
[White "Otkidach, Oleg"]
[Black "Ljubivyi, Andrey"]
[Result "1/2-1/2"]
[WhiteElo "2150"]
[BlackElo "2062"]
[PlyCount "38"]
[EventDate "2005.10.29"]
[EventType "swiss"]
[EventRounds "9"]
[EventCountry "RUS"]
[SourceTitle "EXT 2006"]
[Source "ChessBase"]
[SourceDate "2005.11.24"]
[SourceVersion "1"]
[SourceVersionDate "2005.11.24"]
[SourceQuality "1"]

1. e4 c6 2. d4 d5 3. Nc3 dxe4 4. Nxe4 Bf5 5. Ng3 Bg6 6. h4 h6 7. Nf3 Nd7 8. h5 Bh7 9. Bd3 Bxd3 10. Qxd3 e6 11. Bd2 Ngf6 12. 0-0-0 Be7 13. Qe2 c5 14. Kb1 0-0 15. Ne4 cxd4 16. Nxd4 Qb6 17. Nxf6+ Nxf6 18. Be3 Bc5 19. c4 Rac8 1/2-1/2

[Event "St Petersburg White Nights op"]
[Site "St Petersburg"]
[Date "2005.06.24"]
[Round "7"]
[White "Ljubivyi, Andrey"]
[Black "Kosarev, Dmitry"]
[Result "1/2-1/2"]
[WhiteElo "2101"]
[BlackElo "2145"]
[PlyCount "38"]
[EventDate "2005.06.18"]
[EventType "swiss"]
[EventRounds "9"]
[EventCountry "RUS"]
[SourceTitle "CBM 106 Extra"]
[Source "ChessBase"]
[SourceDate "2005.07.01"]
[SourceVersion "1"]
[SourceVersionDate "2005.07.01"]
[SourceQuality "1"]

1. d4 Nf6 2. c4 g6 3. Nc3 Bg7 4. e4 d6 5. Be2 0-0 6. Bg5 c5 7. d5 b5 8. cxb5 a6 9. bxa6 Qa5 10. Qd2 Bxa6 11. Bxa6 Qxa6 12. Nge2 Nbd7 13. 0-0 Rfb8 14. Rab1 Rb4 15. f3 Ne5 16. b3 Rb7 17. Rfc1 h5 18. h3 Rab8 19. Kh2 Kh7 1/2-1/2